Canberra Airport Destinations (Canberra, Australia) - Map - Statistics

General Stats
  • This quiz has been taken 72 times
  • The average score is 10 of 13
Answers on the Map
Answers color-coded by a green-red scale on the quiz's map according to % correct below.
 
Answer Stats
Destination % Correct
Sydney
100%
Melbourne
97%
Perth
97%
Adelaide
95%
Brisbane
93%
Darwin
90%
Doha
90%
Hobart
87%
Gold Coast
83%
Newcastle
62%
Nadi
52%
Avalon
30%
Coffs Harbour
28%
No matching quizzes found
Score Distribution
Percent of People with Each Score
Percentile by Number Answered
Your Score History
You have not taken this quiz